[Event "ODJM A 2015"]
[Site "Willingen GER"]
[Date "2015.05.26"]
[Round "5"]
[White "Poetsch, Hagen"]
[Black "Riehle, Marco"]
[Result "1-0"]
[Termination "normal"]
[Board "1"]
[WhiteTitle "IM"]
[WhiteElo "2481"]
[BlackElo "2062"]
[WhiteClock "00:26:53"]
[BlackClock "01:25:22"]
[PlyCount "119"]
[WhiteFideId "24615137"]
[BlackFideId "12904392"]
[EventCountry "GER"]
[EventRounds "9"]
[EventType "swiss"]
[EventDate "2015.05.23"]

1. g3 d5 2. Nf3 c5 3. Bg2 Nc6 4. d4 e6 5. O-O Nf6 6. b3 Ne4 7. Bb2 Be7 8. Nbd2
Bf6 9. e3 Nxd2 10. Qxd2 cxd4 11. exd4 O-O 12. c4 b6 13. Rac1 Ba6 14. Ne5 Rc8
15. Rfd1 Bxe5 16. dxe5 dxc4 17. Qxd8 Nxd8 18. bxc4 Rxc4 19. Rd7 Rxc1+ 20. Bxc1
Bb5 21. Rc7 f6 22. Ba3 Re8 23. exf6 gxf6 24. Bf3 Bd3 25. Be7 Nf7 26. Bxf6 a5
27. Bc6 Rb8 28. Bd7 Bf5 29. f3 h5 30. h3 Bxh3 31. g4 Nd8 32. Bc8 hxg4 33. Kh2
Nf7 34. Bxe6 Rf8 35. fxg4 Bf1 36. g5 Bd3 37. Rc3 Bf5 38. Bxf5 Nxg5 39. Rc6 Nf3+
40. Kg3 Nd4 41. Bxd4 Rxf5 42. Rxb6 Kf7 43. Be3 Ke7 44. Bf4 Kd7 45. Ra6 Rd5 46.
a4 Rd3+ 47. Kg4 Rd5 48. Kf3 Rc5 49. Be3 Rh5 50. Bd4 Kc7 51. Ke4 Rh4+ 52. Kd5
Rh5+ 53. Kc4 Rf5 54. Bc5 Rf4+ 55. Kb5 Kb7 56. Rxa5 Rg4 57. Ra7+ Kb8 58. Rf7 Rg8
59. Bd6+ Kc8 60. Kc6 1-0

[Event "ODJM A 2015"]
[Site "Willingen GER"]
[Date "2015.05.26"]
[Round "5"]
[White "Zahn, Benno"]
[Black "Wenninger, Philipp"]
[Result "1/2-1/2"]
[Termination "normal"]
[Board "2"]
[WhiteElo "2056"]
[BlackElo "2268"]
[WhiteClock "00:19:29"]
[BlackClock "00:29:32"]
[PlyCount "88"]
[WhiteFideId "24636070"]
[BlackFideId "4648404"]
[EventCountry "GER"]
[EventRounds "9"]
[EventType "swiss"]
[EventDate "2015.05.23"]

1. e4 c6 2. d4 d5 3. Nd2 dxe4 4. Nxe4 Bf5 5. Ng3 Bg6 6. h4 h6 7. Nf3 Nd7 8. h5
Bh7 9. Bd3 Bxd3 10. Qxd3 e6 11. Bf4 Qa5+ 12. Bd2 Bb4 13. c3 Be7 14. c4 Qc7 15.
O-O-O Ngf6 16. Kb1 O-O 17. Rde1 b5 18. c5 Rfd8 19. Qc2 a5 20. Nf1 Nf8 21. g4
N6h7 22. Be3 Rd5 23. Ng3 Rad8 24. Ne2 Ng5 25. Nxg5 hxg5 26. f4 Nh7 27. Nc3 R5d7
28. h6 g6 29. f5 exf5 30. gxf5 gxf5 31. Qxf5 b4 32. Ref1 Rf8 33. Ne4 Rd5 34.
Qg4 Qd7 35. Qg3 Qe6 36. Nf2 f5 37. Nh3 Qg6 38. Nf4 Qf7 39. Nxd5 Qxd5 40. Qe5
Qxe5 41. dxe5 f4 42. Bf2 Kf7 43. Kc2 Ke6 44. Rd1 g4 1/2-1/2

[Event "ODJM A 2015"]
[Site "Willingen GER"]
[Date "2015.05.26"]
[Round "5"]
[White "Quante, Lennart"]
[Black "Steingräber, Kai Uwe"]
[Result "0-1"]
[Termination "normal"]
[Board "4"]
[WhiteElo "2092"]
[BlackElo "2195"]
[WhiteClock "00:23:53"]
[BlackClock "00:20:17"]
[PlyCount "93"]
[WhiteFideId "12979627"]
[BlackFideId "1271602"]
[EventCountry "GER"]
[EventRounds "9"]
[EventType "swiss"]
[EventDate "2015.05.23"]

1. Nf3 d5 2. c4 c6 3. b3 Nf6 4. Bb2 e6 5. g3 Nbd7 6. Bg2 Be7 7. O-O O-O 8. e3
a5 9. Nc3 Nc5 10. d3 dxc4 11. dxc4 Nd3 12. Qe2 Nxb2 13. Qxb2 Qc7 14. Na4 Nd7
15. Rac1 b6 16. Nd4 Bb7 17. Rfd1 Rfd8 18. Bh3 Nc5 19. Nxc5 Bxc5 20. Qe2 Qe5 21.
Nf3 Qf6 22. Bg2 Ba3 23. Rb1 c5 24. Ne1 Bxg2 25. Nxg2 Kf8 26. Nf4 g5 27. Ng2 Ke7
28. Ne1 Bb4 29. Nf3 g4 30. Nh4 h5 31. Ng2 e5 32. e4 Rd4 33. Ne3 Ke6 34. Nf5
Rad8 35. Nxd4+ exd4 36. Rd3 Ke5 37. Rf1 Qg6 38. f4+ Kd6 39. f5 Qg5 40. e5+ Ke7
41. Qe4 Bd2 42. e6 Be3+ 43. Kg2 Kf8 44. Qb7 Qe7 45. Qxb6 Rd6 46. Qxa5 Rd8 47.
Qb5 0-1

[Event "ODJM A 2015"]
[Site "Willingen GER"]
[Date "2015.05.26"]
[Round "5"]
[White "Oberhofer, Cédric"]
[Black "Leyrer, Thomas"]
[Result "1-0"]
[Termination "normal"]
[Board "5"]
[WhiteElo "2136"]
[BlackElo "1864"]
[WhiteClock "00:13:14"]
[BlackClock "00:37:10"]
[PlyCount "65"]
[WhiteFideId "12941220"]
[BlackFideId "12908274"]
[EventCountry "GER"]
[EventRounds "9"]
[EventType "swiss"]
[EventDate "2015.05.23"]

1. e4 e6 2. d4 d5 3. e5 c5 4. c3 Nc6 5. Nf3 Qb6 6. Na3 a6 7. Nc2 f6 8. Bd3 c4
9. Be2 fxe5 10. Nxe5 Nf6 11. Rb1 Bd6 12. f4 O-O 13. Be3 Nd7 14. O-O Ndxe5 15.
fxe5 Rxf1+ 16. Bxf1 Be7 17. b3 Qa5 18. bxc4 Qxa2 19. cxd5 Qxd5 20. Bd3 g6 21.
c4 Qd8 22. Be4 Qc7 23. Qg4 Nxe5 24. dxe5 Qxe5 25. Qf4 Bd6 26. Qxe5 Bxe5 27. Rd1
Bc7 28. Bc5 Rb8 29. Bd6 Bxd6 30. Rxd6 b5 31. cxb5 axb5 32. Nb4 Kf7 33. Rd8 1-0

[Event "ODJM A 2015"]
[Site "Willingen GER"]
[Date "2015.05.26"]
[Round "5"]
[White "Borchert, René"]
[Black "Schmider, Niklas"]
[Result "0-1"]
[Termination "normal"]
[Board "6"]
[WhiteElo "1979"]
[BlackElo "2014"]
[WhiteClock "00:23:36"]
[BlackClock "00:24:47"]
[PlyCount "92"]
[WhiteFideId "12990671"]
[BlackFideId "12993778"]
[EventCountry "GER"]
[EventRounds "9"]
[EventType "swiss"]
[EventDate "2015.05.23"]

1. e4 c5 2. c3 d5 3. exd5 Qxd5 4. d4 Nf6 5. Nf3 Nc6 6. Be2 Bg4 7. Be3 cxd4 8.
cxd4 e6 9. Nc3 Qd6 10. O-O Be7 11. Qb3 O-O 12. Rfd1 Rfd8 13. Rac1 a6 14. h3 Bh5
15. Na4 Nd5 16. Nc5 Rdb8 17. a3 b5 18. Qc2 Na5 19. b4 Bxf3 20. Bxf3 Nc4 21. Qb3
a5 22. Bd2 Nxd2 23. Rxd2 Qf4 24. Rdd1 Bd6 25. g3 Qf5 26. Bg2 h5 27. Bxd5 exd5
28. Kg2 h4 29. Re1 g6 30. Qf3 Qxf3+ 31. Kxf3 hxg3 32. fxg3 axb4 33. axb4 Ra3+
34. Re3 Rxe3+ 35. Kxe3 Bxg3 36. Kf3 Bd6 37. Nd7 Ra8 38. Nf6+ Kg7 39. Nxd5 Ra3+
40. Rc3 Bxb4 41. Rxa3 Bxa3 42. Ke4 Bd6 43. Ne3 Kf6 44. Kd5 Bf8 45. Kc6 b4 46.
Nc4 Kg5 0-1

[Event "ODJM A 2015"]
[Site "Willingen GER"]
[Date "2015.05.26"]
[Round "5"]
[White "Bösel, Alexander"]
[Black "Terhuven, Patrick"]
[Result "1/2-1/2"]
[Termination "normal"]
[Board "7"]
[WhiteElo "1992"]
[BlackElo "2028"]
[WhiteClock "00:26:51"]
[BlackClock "00:25:41"]
[PlyCount "86"]
[WhiteFideId "4623185"]
[BlackFideId "12919098"]
[EventCountry "GER"]
[EventRounds "9"]
[EventType "swiss"]
[EventDate "2015.05.23"]

1. d4 Nf6 2. c4 c5 3. d5 b5 4. cxb5 a6 5. bxa6 g6 6. g3 Bxa6 7. Bg2 d6 8. Nh3
Bg7 9. O-O O-O 10. Re1 Nbd7 11. Nf4 Qb6 12. Qc2 Rfb8 13. Nd2 Ng4 14. h3 Nge5
15. Rb1 Qa5 16. b3 c4 17. Rd1 cxb3 18. Nxb3 Qa4 19. Nd4 Qxc2 20. Rxb8+ Rxb8 21.
Nxc2 Rb1 22. Ne3 g5 23. Nd3 Nxd3 24. exd3 Bxd3 25. Rxd3 Rxc1+ 26. Bf1 Nc5 27.
Ra3 e6 28. Ra8+ Bf8 29. a4 Kg7 30. Kg2 Ra1 31. a5 Be7 32. a6 Bf6 33. Nc2 Ra4
34. Bb5 Ra5 35. a7 Bc3 36. Ne3 exd5 37. Nf5+ Kf6 38. Nxd6 Bd4 39. Bc6 Ne6 40.
Nb5 Bb6 41. Bxd5 Rxb5 42. Bxe6 Bxa7 43. Rxa7 Ke5 1/2-1/2

[Event "ODJM A 2015"]
[Site "Willingen GER"]
[Date "2015.05.26"]
[Round "5"]
[White "Borchert, Louis"]
[Black "Doberitz, Paul"]
[Result "0-1"]
[Termination "normal"]
[Board "8"]
[WhiteElo "1829"]
[BlackElo "2194"]
[WhiteClock "00:03:41"]
[BlackClock "00:27:46"]
[PlyCount "94"]
[WhiteFideId "12990680"]
[BlackFideId "24646130"]
[EventCountry "GER"]
[EventRounds "9"]
[EventType "swiss"]
[EventDate "2015.05.23"]

1. e4 d6 2. d4 Nf6 3. Nc3 g6 4. Be3 Bg7 5. Nge2 c6 6. Qd2 O-O 7. Bh6 b5 8. Ng3
e5 9. Bxg7 Kxg7 10. h4 Qe7 11. h5 exd4 12. Qxd4 Be6 13. O-O-O b4 14. Nce2 d5
15. exd5 cxd5 16. Qh4 Nc6 17. Nd4 Nxd4 18. Rxd4 a5 19. Rf4 Ng8 20. Qxe7 Nxe7
21. Be2 Rfc8 22. Bg4 Ra6 23. Rd1 f5 24. Be2 Rac6 25. Rd2 g5 26. Rf3 f4 27. Nf1
Bf5 28. Bd3 Bg4 29. Nh2 Bxf3 30. Nxf3 h6 31. Kd1 Kf6 32. Nd4 Rd6 33. Re2 Nc6
34. Nxc6 Rdxc6 35. Kd2 Re6 36. Rxe6+ Kxe6 37. Be2 Kf5 38. f3 Re8 39. Bd1 Re3
40. Be2 Ke5 41. Bd1 Kd4 42. Be2 a4 43. Bd3 g4 44. Be2 g3 45. Bf1 a3 46. b3 Re5
47. Bd3 Rxh5 0-1

[Event "ODJM A 2015"]
[Site "Willingen GER"]
[Date "2015.05.26"]
[Round "5"]
[White "Gauchel, Lorenz"]
[Black "Böhning, Kilian"]
[Result "0-1"]
[Termination "normal"]
[Board "9"]
[WhiteElo "1748"]
[BlackElo "2016"]
[PlyCount "98"]
[WhiteFideId "12905283"]
[BlackFideId "1270499"]
[EventCountry "GER"]
[EventRounds "9"]
[EventType "swiss"]
[EventDate "2015.05.23"]

1. d4 f5 2. g3 g6 3. Bg2 Bg7 4. c3 Nf6 5. Nf3 c6 6. O-O O-O 7. Qb3+ Kh8 8. Nbd2
d6 9. Re1 Ne4 10. Nxe4 fxe4 11. Ng5 d5 12. Bh3 b6 13. Be6 Qe8 14. Bxd5 cxd5 15.
Qxd5 Nc6 16. Qxe4 Bf5 17. Qh4 h6 18. g4 Bd7 19. Ne4 h5 20. gxh5 gxh5 21. Ng3
Qg6 22. Qxh5+ Qxh5 23. Nxh5 e5 24. d5 Ne7 25. e4 Ng6 26. Bg5 Bg4 27. Nxg7 Kxg7
28. Re3 Nf4 29. Bxf4 exf4 30. Rd3 f3 31. h4 Bh3 32. Kh2 Bg2 33. e5 Rf4 34. Kg3
Re4 35. Re3 Rc4 36. b3 Rc5 37. d6 Kg6 38. d7 Rd5 39. e6 Rg8 40. e7 Kf7+ 41. Kf4
Rxd7 42. Rae1 Ke8 43. Re4 Rd6 44. Rc4 Rf6+ 45. Ke5 Rgg6 46. Rd1 Bh3 47. Rc7
Rf5+ 48. Ke4 Re6+ 49. Kd4 Rd6+ 0-1

[Event "ODJM A 2015"]
[Site "Willingen GER"]
[Date "2015.05.26"]
[Round "5"]
[White "Wastian, Jan"]
[Black "Hirtreiter, Pierre"]
[Result "1/2-1/2"]
[Termination "normal"]
[Board "10"]
[WhiteElo "1672"]
[BlackElo "2027"]
[PlyCount "120"]
[WhiteFideId "12911640"]
[BlackFideId "12966312"]
[EventCountry "GER"]
[EventRounds "9"]
[EventType "swiss"]
[EventDate "2015.05.23"]

1. e4 c5 2. c3 d5 3. exd5 Nf6 4. d4 cxd4 5. cxd4 Nxd5 6. Nc3 g6 7. Nf3 Bg7 8.
h3 O-O 9. Be2 Nc6 10. O-O Nxc3 11. bxc3 Be6 12. Bf4 Rc8 13. Ng5 Bd5 14. c4 Nxd4
15. cxd5 Nxe2+ 16. Qxe2 Bxa1 17. Rxa1 Qxd5 18. Qxe7 Rfe8 19. Qd6 Qc4 20. a3
Rcd8 21. Qf6 Qd5 22. Rc1 h6 23. Be5 Rxe5 24. Nxf7 Qxf7 25. Qxe5 Re8 26. Qd4 a6
27. Rc2 Kh7 28. Rc1 Re7 29. Rc8 Qg7 30. Qxg7+ Kxg7 31. a4 Kf7 32. g3 b6 33. Ra8
a5 34. Rb8 Re1+ 35. Kg2 Rb1 36. f4 h5 37. Kf3 Rb3+ 38. Kf2 Ke6 39. Rg8 Kf5 40.
Rf8+ Ke4 41. Rf6 Rb2+ 42. Kg1 Ra2 43. Rxg6 Rxa4 44. Rxb6 Ra2 45. Rb5 Kf3 46.
Rxh5 Kxg3 47. Kf1 a4 48. Ke1 a3 49. Ra5 Kxf4 50. Kd1 Ke4 51. Kc1 Kd4 52. Kb1
Rb2+ 53. Ka1 Rb3 54. Ka2 Rxh3 55. Rxa3 Rh2+ 56. Kb1 Kc4 57. Rg3 Rf2 58. Rh3 Kb4
59. Rg3 Rf6 60. Rh3 Rd6 1/2-1/2

[Event "ODJM A 2015"]
[Site "Willingen GER"]
[Date "2015.05.26"]
[Round "5"]
[White "Reisberg, Andre"]
[Black "Scheinhütte, Jakob"]
[Result "1-0"]
[Termination "normal"]
[Board "11"]
[WhiteElo "1977"]
[BlackElo "1789"]
[PlyCount "35"]
[WhiteFideId "1270630"]
[BlackFideId "24693944"]
[EventCountry "GER"]
[EventRounds "9"]
[EventType "swiss"]
[EventDate "2015.05.23"]

1. d4 Nf6 2. c4 g6 3. Nc3 Bg7 4. e4 O-O 5. Nf3 d6 6. Be2 e5 7. O-O exd4 8. Nxd4
Nbd7 9. Be3 Re8 10. f3 Ne5 11. Qd2 c6 12. Rfd1 Qe7 13. Rac1 Bd7 14. Bg5 Kh8 15.
f4 Neg4 16. h3 Nh6 17. e5 dxe5 18. fxe5 1-0

[Event "ODJM A 2015"]
[Site "Willingen GER"]
[Date "2015.05.26"]
[Round "5"]
[White "Heldt, Nils-Lennart"]
[Black "Paulus, Jeffrey"]
[Result "1/2-1/2"]
[Termination "normal"]
[Board "12"]
[WhiteElo "1844"]
[BlackElo "1968"]
[PlyCount "112"]
[WhiteFideId "12952109"]
[BlackFideId "24692468"]
[EventCountry "GER"]
[EventRounds "9"]
[EventType "swiss"]
[EventDate "2015.05.23"]

1. d4 Nf6 2. c4 g6 3. f3 d6 4. Nc3 Nbd7 5. e4 Bg7 6. Nh3 e5 7. d5 a5 8. Be3 Nc5
9. Nf2 Bd7 10. Nd3 b6 11. Be2 Nh5 12. Nxc5 bxc5 13. O-O O-O 14. Qd2 Nf4 15.
Bxf4 exf4 16. Qxf4 Bd4+ 17. Kh1 Be5 18. Qd2 f5 19. f4 Bxc3 20. Qxc3 fxe4 21.
Rae1 Qf6 22. Qxf6 Rxf6 23. Bd1 Re8 24. Kg1 Rf7 25. Re3 c6 26. dxc6 Bxc6 27. g3
Rb7 28. Rf2 Rb4 29. Rd2 Re6 30. b3 Kf7 31. Bc2 Rb8 32. Rf2 Rbe8 33. Kf1 d5 34.
cxd5 Bxd5 35. Ke1 Ke7 36. Kd2 Kd6 37. Kc3 Rc8 38. Kb2 Rb8 39. Kc3 c4 40. Rd2
cxb3 41. Bxb3 Rc8+ 42. Kb2 Rc5 43. Rd4 Kc6 44. h4 Rb5 45. Ka3 Bxb3 46. axb3 Rd5
47. Rdxe4 Rxe4 48. Rxe4 Rd3 49. Re7 Rxg3 50. Rxh7 Rg4 51. Rh6 Kb5 52. h5 Rxf4
53. hxg6 Rg4 54. Rh5+ Kb6 55. Rh6 Kb5 56. Rh5+ Kb6 1/2-1/2

[Event "ODJM A 2015"]
[Site "Willingen GER"]
[Date "2015.05.26"]
[Round "5"]
[White "Koch, Yannick"]
[Black "Teichert, Felix"]
[Result "1-0"]
[Termination "normal"]
[Board "13"]
[WhiteElo "1892"]
[BlackElo "1804"]
[PlyCount "69"]
[WhiteFideId "24661678"]
[BlackFideId "12987670"]
[EventCountry "GER"]
[EventRounds "9"]
[EventType "swiss"]
[EventDate "2015.05.23"]

1. d4 Nf6 2. c4 e6 3. Nc3 b6 4. e4 Bb7 5. Bd3 Bb4 6. f3 c5 7. d5 Bxc3+ 8. bxc3
d6 9. Ne2 Nbd7 10. O-O O-O 11. f4 exd5 12. cxd5 Re8 13. Ng3 c4 14. Bc2 Nc5 15.
Qd4 Qd7 16. Ba3 Rac8 17. Rae1 Qc7 18. Nf5 Qd8 19. Kh1 Rc7 20. g4 Ncxe4 21. g5
Bxd5 22. Kg1 Qd7 23. Ne3 Nxc3 24. gxf6 Rxe3 25. Qxe3 Qg4+ 26. Qg3 Qxg3+ 27.
hxg3 gxf6 28. Bb2 Nxa2 29. Bxf6 Bc6 30. Be4 d5 31. Bxd5 h6 32. Bxc4 Nb4 33. Rd1
b5 34. Rd8+ Kh7 35. f5 1-0

[Event "ODJM A 2015"]
[Site "Willingen GER"]
[Date "2015.05.26"]
[Round "5"]
[White "Lüßmann, Thomas"]
[Black "Thumm, Felix"]
[Result "1/2-1/2"]
[Termination "normal"]
[Board "14"]
[WhiteElo "1911"]
[BlackElo "1802"]
[PlyCount "62"]
[WhiteFideId "1270602"]
[BlackFideId "12902209"]
[EventCountry "GER"]
[EventRounds "9"]
[EventType "swiss"]
[EventDate "2015.05.23"]

1. d4 d5 2. c4 e6 3. Nc3 c6 4. Nf3 Bd6 5. e4 dxe4 6. Nxe4 Bc7 7. Be2 Nf6 8.
Nxf6+ Qxf6 9. O-O Nd7 10. Bg5 Qg6 11. Qd2 h6 12. Bd3 Qh5 13. Bf4 Bxf4 14. Qxf4
O-O 15. Rfe1 c5 16. g4 Qh3 17. Re3 cxd4 18. Qxd4 Nf6 19. Ne5 Qh4 20. Rg3 Nh7
21. f4 Rd8 22. Qe4 Nf6 23. Qg2 Nd7 24. Re1 Qf6 25. Qf2 Nxe5 26. Rxe5 Qe7 27. g5
f6 28. gxf6 Qxf6 29. Rg6 Qf7 30. Qg3 Kf8 31. Be4 Qd7 1/2-1/2

[Event "ODJM A 2015"]
[Site "Willingen GER"]
[Date "2015.05.26"]
[Round "5"]
[White "Balazs, Balint"]
[Black "Denkert, Robert"]
[Result "1-0"]
[Termination "normal"]
[Board "15"]
[WhiteElo "2034"]
[BlackElo "1737"]
[PlyCount "77"]
[WhiteFideId "12922757"]
[BlackFideId "12957216"]
[EventCountry "GER"]
[EventRounds "9"]
[EventType "swiss"]
[EventDate "2015.05.23"]

1. e4 e6 2. d4 d5 3. Nd2 Nf6 4. e5 Nfd7 5. f4 c5 6. c3 Nc6 7. Ndf3 cxd4 8. cxd4
a5 9. g3 a4 10. Bd3 Nb6 11. Ne2 Bd7 12. O-O Nb4 13. Bb1 Nc4 14. Nc3 Be7 15. Ng5
g6 16. h4 h5 17. g4 hxg4 18. Qxg4 Bxg5 19. fxg5 Qe7 20. Rf2 Kd8 21. Bf4 Kc8 22.
a3 Na6 23. Bd3 Nc7 24. Rc1 b5 25. Rcf1 Kb7 26. Bxc4 bxc4 27. Bd2 Be8 28. Na2
Kc8 29. Nb4 Kb7 30. Kg2 Rh7 31. Kg3 Bd7 32. Rf4 Rf8 33. Nc2 Na6 34. Qf3 Bb5 35.
Rf2 c3 36. Bxc3 Bc4 37. Rf6 Rg7 38. Ne3 Bd3 39. Nxd5 1-0

[Event "ODJM A 2015"]
[Site "Willingen GER"]
[Date "2015.05.26"]
[Round "5"]
[White "Recktenwald, Cedric"]
[Black "Schnabel, Bennett"]
[Result "0-1"]
[Termination "normal"]
[Board "16"]
[WhiteElo "1492"]
[BlackElo "1864"]
[PlyCount "102"]
[WhiteFideId "12971928"]
[BlackFideId "12943290"]
[EventCountry "GER"]
[EventRounds "9"]
[EventType "swiss"]
[EventDate "2015.05.23"]

1. e4 c5 2. Nf3 Nc6 3. d4 cxd4 4. Nxd4 g6 5. Nc3 Bg7 6. Be3 Nf6 7. Bc4 O-O 8.
Bb3 d6 9. f3 Na5 10. Qd2 Nxb3 11. Nxb3 Bd7 12. O-O-O a5 13. Nd5 Nxd5 14. exd5
Qc7 15. Kb1 b5 16. Bd4 a4 17. Nc1 Bxd4 18. Qxd4 Rfc8 19. Rd2 Qc5 20. Re1 Re8
21. Qxc5 dxc5 22. Nd3 Rac8 23. Ne5 Rcd8 24. Nxd7 Rxd7 25. Kc1 Kg7 26. b3 axb3
27. axb3 Kf6 28. c4 Ra8 29. Rb2 b4 30. Ree2 Rda7 31. Kd2 Ra1 32. Kd3 R8a3 33.
h3 Rc1 34. Rec2 Rxc2 35. Kxc2 Ke5 36. Kd3 Kf4 37. Ke2 Kg3 38. Kd3 h5 39. Ke4
Ra1 40. Kd3 Rd1+ 41. Ke3 Rg1 42. Ra2 Rxg2 43. Ra7 Rb2 44. Rxe7 Rxb3+ 45. Ke2
Rc3 46. Rxf7 Rxc4 47. Rg7 Rd4 48. Rxg6+ Kf4 49. Rf6+ Kg5 50. Rd6 c4 51. Rc6 b3
0-1

[Event "ODJM A 2015"]
[Site "Willingen GER"]
[Date "2015.05.26"]
[Round "5"]
[White "Leonard, Timo"]
[Black "Stemmler, Fabian"]
[Result "1/2-1/2"]
[Termination "normal"]
[Board "17"]
[WhiteElo "1528"]
[BlackElo "1940"]
[PlyCount "97"]
[WhiteFideId "16208757"]
[BlackFideId "12964808"]
[EventCountry "GER"]
[EventRounds "9"]
[EventType "swiss"]
[EventDate "2015.05.23"]

1. e4 e6 2. d4 d5 3. Nd2 Nf6 4. e5 Nfd7 5. Bd3 c5 6. c3 Nc6 7. Ne2 cxd4 8. cxd4
f6 9. exf6 Nxf6 10. Nf3 Bd6 11. O-O Qc7 12. Qc2 O-O 13. Bg5 h6 14. Bh4 Nh5 15.
Bh7+ Kh8 16. Bg6 Rxf3 17. Bxh5 Rf5 18. Bg6 Bxh2+ 19. Kh1 Bd6 20. Bxf5 exf5 21.
Bg3 f4 22. Bh2 Qf7 23. Qc3 Qh5 24. Ng1 g5 25. f3 Ne7 26. Ne2 Nf5 27. Kg1 Ne3
28. Qxe3 fxe3 29. Bxd6 Qg6 30. Be5+ Kg8 31. Nc3 Be6 32. Rfe1 a6 33. Rxe3 Bf7
34. g4 Qb6 35. Re2 Re8 36. Rae1 Qc6 37. Nd1 Bg6 38. Ne3 Rf8 39. Kg2 Bd3 40. Rd2
Bh7 41. Rdd1 Rc8 42. Rd2 Qe6 43. Rh1 Rc6 44. Kg3 b5 45. a3 a5 46. Ra1 Rc8 47.
Kg2 Rf8 48. Rc1 Rf7 49. Rc5 1/2-1/2

[Event "ODJM A 2015"]
[Site "Willingen GER"]
[Date "2015.05.26"]
[Round "5"]
[White "Buhr, Patrick"]
[Black "Falke, Isaak"]
[Result "0-1"]
[Termination "normal"]
[Board "18"]
[WhiteElo "1769"]
[BlackElo "2020"]
[PlyCount "72"]
[WhiteFideId "16206436"]
[BlackFideId "24614483"]
[EventCountry "GER"]
[EventRounds "9"]
[EventType "swiss"]
[EventDate "2015.05.23"]

1. c4 c6 2. g3 d5 3. Bg2 Nf6 4. Nf3 Nbd7 5. O-O e5 6. cxd5 cxd5 7. d4 e4 8.
Nfd2 Bd6 9. Nc3 O-O 10. a3 Nb6 11. b4 Bf5 12. e3 Qd7 13. Qb3 Rac8 14. Bb2 Bh3
15. Rfc1 h5 16. a4 Bxg2 17. Kxg2 Qf5 18. Nb5 Bb8 19. a5 Nc4 20. Nxc4 Qf3+ 21.
Kg1 Ng4 22. Rf1 Rxc4 23. Na3 h4 24. Qd1 hxg3 25. Qxf3 exf3 26. hxg3 Rc6 27. Nb1
Rc2 28. Bc1 Bxg3 29. Nd2 Bxf2+ 30. Rxf2 Nxf2 31. Nxf3 Rfc8 32. Bd2 Ne4 33. Be1
f6 34. Rd1 Re2 35. Rd3 Rc1 36. Kf1 Rf2+ 0-1

[Event "ODJM A 2015"]
[Site "Willingen GER"]
[Date "2015.05.26"]
[Round "5"]
[White "Biefel, Christian"]
[Black "Boes, Julian"]
[Result "1/2-1/2"]
[Termination "normal"]
[Board "19"]
[WhiteElo "1769"]
[BlackElo "1936"]
[PlyCount "120"]
[WhiteFideId "24692646"]
[BlackFideId "12907723"]
[EventCountry "GER"]
[EventRounds "9"]
[EventType "swiss"]
[EventDate "2015.05.23"]

1. c4 e6 2. d4 d5 3. Nc3 Nf6 4. cxd5 exd5 5. Bg5 Be7 6. e3 O-O 7. Bd3 c6 8.
Nge2 Nbd7 9. O-O Re8 10. Qc2 Nf8 11. a3 a5 12. Ng3 Be6 13. Na4 h6 14. Bxf6 Bxf6
15. Nc5 Qc7 16. b4 Nd7 17. b5 Nxc5 18. Qxc5 Be7 19. Qc3 c5 20. dxc5 Bf6 21. Qc2
Bxa1 22. Rxa1 Rac8 23. Rc1 Red8 24. Ne2 Qe7 25. a4 Qg5 26. Nd4 h5 27. Bf1 h4
28. Kh1 Qe5 29. c6 b6 30. Bd3 Rc7 31. Qe2 g6 32. Qf3 Kg7 33. Kg1 Rh8 34. g4
hxg3 35. Qxg3 Qxg3+ 36. fxg3 Kf6 37. h4 Ke7 38. Kf2 Bg4 39. Be2 Bxe2 40. Kxe2
Kd6 41. Kd3 Re8 42. Rf1 Re4 43. Rf6+ Kc5 44. Rf1 Rce7 45. Rc1+ Kd6 46. Re1 Rg4
47. Rg1 Rc7 48. Kc3 Re4 49. Re1 Rce7 50. Kd3 Re8 51. Re2 Kc7 52. Re1 Rg4 53.
Rg1 Kd6 54. Rg2 Rh8 55. Rf2 Rh7 56. Rf3 f5 57. Kc3 Re4 58. Kd3 Kc5 59. Rf1 Kd6
60. Rf3 Kc5 1/2-1/2

[Event "ODJM A 2015"]
[Site "Willingen GER"]
[Date "2015.05.26"]
[Round "5"]
[White "Dittrich, Tom"]
[Black "Berger, Nadja"]
[Result "1-0"]
[Termination "normal"]
[Board "20"]
[WhiteElo "1762"]
[BlackElo "1808"]
[PlyCount "99"]
[WhiteFideId "12923532"]
[BlackFideId "24692212"]
[EventCountry "GER"]
[EventRounds "9"]
[EventType "swiss"]
[EventDate "2015.05.23"]

1. e4 c5 2. Nc3 Nc6 3. Nf3 g6 4. d4 cxd4 5. Nxd4 Bg7 6. Be3 d6 7. Bc4 Nf6 8.
Bb3 O-O 9. h3 a6 10. O-O Na5 11. Qd3 Nd7 12. f4 Nc5 13. Qd2 Rb8 14. f5 b5 15.
fxg6 hxg6 16. Rf4 e5 17. Rf2 exd4 18. Bxd4 Naxb3 19. axb3 Bb7 20. Re1 Ne6 21.
Be3 Rc8 22. Kh1 Nc7 23. Rd1 Qe8 24. Qxd6 Bxe4 25. Bc5 Bc6 26. Qg3 Rd8 27. Rdf1
Be5 28. Qh4 Qe6 29. Bxf8 Rxf8 30. Re2 Qd6 31. Rd1 Qe6 32. Qg5 Re8 33. Rde1 b4
34. Rxe5 Qd6 35. Rxe8+ Nxe8 36. Ne4 Qd4 37. Qc5 Qxc5 38. Nxc5 a5 39. Re7 Nd6
40. Ra7 Nb5 41. Rxa5 Nd4 42. c3 bxc3 43. bxc3 Ne2 44. c4 Nf4 45. Ra2 Nxh3 46.
Kh2 Nf4 47. g3 Nh5 48. b4 Ng7 49. b5 Bf3 50. b6 1-0

[Event "ODJM A 2015"]
[Site "Willingen GER"]
[Date "2015.05.26"]
[Round "5"]
[White "Erofeev, Anastasia"]
[Black "Glaser, Maximilian"]
[Result "1-0"]
[Termination "normal"]
[Board "21"]
[WhiteElo "1897"]
[BlackElo "1721"]
[PlyCount "69"]
[WhiteFideId "12917915"]
[BlackFideId "12956961"]
[EventCountry "GER"]
[EventRounds "9"]
[EventType "swiss"]
[EventDate "2015.05.23"]

1. e4 d5 2. exd5 Qxd5 3. d4 Nf6 4. Nc3 Qa5 5. Nf3 Bg4 6. Be2 e6 7. O-O c6 8. h3
Bf5 9. Bd2 Qc7 10. Ne5 Bd6 11. f4 Nbd7 12. Be3 Nd5 13. Nxd5 exd5 14. Bg4 Bxe5
15. fxe5 Be4 16. Bg5 O-O 17. Be7 Rfe8 18. Bd6 Qd8 19. Qe2 Nb6 20. Qf2 Bg6 21.
Rae1 Nc4 22. h4 Nxd6 23. h5 Ne4 24. Qf4 Rf8 25. hxg6 fxg6 26. Be6+ Kh8 27. Bf7
g5 28. Qe3 Qe7 29. e6 g6 30. Rf3 g4 31. Rf4 g3 32. Ref1 Qg5 33. Rxe4 Qh5 34.
Rh4 Qxh4 35. Qe5+ 1-0

[Event "ODJM A 2015"]
[Site "Willingen GER"]
[Date "2015.05.26"]
[Round "5"]
[White "Wachinger, David"]
[Black "Hoppe, Andreas"]
[Result "1/2-1/2"]
[Termination "normal"]
[Board "22"]
[WhiteElo "1901"]
[BlackElo "1767"]
[PlyCount "74"]
[WhiteFideId "24692689"]
[BlackFideId "12922811"]
[EventCountry "GER"]
[EventRounds "9"]
[EventType "swiss"]
[EventDate "2015.05.23"]

1. e4 e6 2. d4 d5 3. Nd2 Nf6 4. e5 Nfd7 5. Bd3 c5 6. c3 Nc6 7. Ne2 cxd4 8. cxd4
f6 9. exf6 Qxf6 10. Nf3 h6 11. O-O Bd6 12. Be3 O-O 13. Rc1 Rd8 14. Bb1 Nf8 15.
a3 Bd7 16. Re1 Be8 17. Ng3 Bg6 18. Qd2 Rac8 19. Bxg6 Nxg6 20. Ne2 Rc7 21. Rcd1
Rdc8 22. Nc3 a6 23. Re2 Nf4 24. Bxf4 Bxf4 25. Qd3 Nb8 26. Rde1 Rc6 27. g3 Bc7
28. Ne5 Bxe5 29. Rxe5 Nd7 30. R5e2 Rf8 31. f4 Nb6 32. Nd1 Nc4 33. Ne3 Nxe3 34.
Rxe3 Rfc8 35. Re5 Rc1 36. Qd2 Rxe1+ 37. Rxe1 Rc4 1/2-1/2